General chemistry

Shranjeno v:
Bibliografske podrobnosti
Glavni avtor: Nevill, William A. (Author)
Format: Knjiga
Jezik:angleščina
Izdano: Nueva York McGraw-Hill 1967
Teme:
Oznake: Označite
Brez oznak, prvi označite!

MARC

LEADER 00000nam a2200000 a 4500
001 UCT2159
003 CL-VaPUC
008 961011e19670000US |||||||||||||||||eng|d
082 0 4 |a 540  |b NEV  |2 21 
100 |a Nevill, William A.  |e author  |9 371216 
245 1 0 |a General chemistry 
300 |a 577 p 
942 |c BK 
945 |d 19961011 00:00:00  |a cmena 
260 |a Nueva York  |b McGraw-Hill  |c 1967 
650 0 |a Química  |9 259896 
650 7 |a CONSERVACION DE LA MATERIA  |2 CL-VaPUC  |9 360669 
650 7 |a TEORIA ATOMICA  |2 CL-VaPUC  |9 313933 
650 0 |a Energía   |9 259431 
650 0 |a Moléculas   |9 259584 
650 0 |a Estructura atómica   |9 259944 
650 0 |a Átomos  |9 259583 
650 7 |a NUMERO ATOMICO  |2 CL-VaPUC  |9 360670 
650 7 |a PROPIEDADES ATOMICAS  |2 CL-VaPUC  |9 360510 
650 0 |a Gases  |9 260945 
650 0 |a Reacciones químicas  |9 259438 
650 0 |a Cinética  |9 260943 
650 0 |a Electroquímica  |9 263973 
650 0 |a Química orgánica   |9 259426 
650 7 |a QUIMICA NUCLEAR  |2 CL-VaPUC  |9 371217 
583 |a last modification  |c 19961011 00:00:00  |k Rodrigo Vera 
999 |c 252396  |d 252394